LDR 00852naa#a2200217#i#450# 001 EN\INFRA-M\bibl\38033 005 20260514090136.4 011 ## _a2500-0489 100 ## _a20200918b2020####ek#y0engy0150####ca 102 ## _aRU 200 1# _aPsychoemotional status of patients with polycystic ovary syndrome during pregnancy, the influence of pregravidar treatment _eJournal article 210 1# _aMoscow _cINFRA-M Academic Publishing LLC. _d2020 215 ## _a5 с. 608 ## _aJournal article _2local 675 ## _aОбщие вопросы математических и естественных наук. 50 _z 686 ## _aКлиническая медицина. 76.29 _2grnti 700 #1 _aEnkova _gValeria Vadimovna 700 #1 _aEnkova _gElena Vladimirovna 700 #1 _aKiseleva _gElena Vladimirovna 700 #1 _aHoperskaya _gOl'ga Viktorovna 856 4# _anaukaru.ru _u